Vencedores do prêmio Craque do Brasileirão - Statistics

Estatísticas Gerais
  • Esse quiz foi jogado 701 vezes
    314 desde o último reset
  • A pontuação média é 15 de 20
Estatísticas das Respostas
Ano Clube Clube Atual Jogador % Correto
2011 Santos Al-Hilal Neymar
95%
2021 Atlético Mineiro Atlético Mineiro Hulk
92%
2023 Grêmio Inter Miami Luis Suárez
92%
2016 Palmeiras Manchester City Gabriel Jesus
89%
2012 Fluminense Aposentado Fred
88%
2019 Flamengo Flamengo Bruno Henrique
84%
2013 Cruzeiro Bahia Éverton Ribeiro
84%
2014 Cruzeiro Bahia Éverton Ribeiro
84%
2020 Red Bull Bragantino Zenit Claudinho
83%
2022 Palmeiras Atlético Mineiro Gustavo Scarpa
78%
2018 Palmeiras Palmeiras Dudu
76%
2024 Botafogo Botafogo Luiz Henrique
76%
2015 Corinthians Fluminense Renato Augusto
73%
2006 São Paulo Bahia Rogério Ceni
72%
2007 São Paulo Bahia Rogério Ceni
72%
2005 Corinthians Sem Clube Carlos Tévez
65%
2017 Corinthians Corinthians
63%
2010 Fluminense Aposentado Darío Conca
54%
2008 São Paulo Aposentado Hernanes
32%
2009 Palmeiras Aposentado Diego Souza
31%
Nenhum quiz correspondente encontrado
Distribuição das Pontuações
Porcentagem de Pessoas com Cada Pontuação
Percentil de Números Respondidos
Sua Pontuação Histórica
Você não jogou esse quiz desde o último reset